00334nam a2200145Ia 4500008004000000041000800040082001000048100001800058245003000076260003200106300001200138650001500150650000800165650001500173210210b1956 xxu||||| |||| 00| 0 eng d aeng a311/2 aALLEN (R G D) aStatistics for economists aLondonbNot Mentionedc1956 avii,216 aStatistics afor aeconomists